LEADER 00830nam0-2200313-i-450- 001 990008460520403321 005 20070201100406.0 010 $a88-15-10779-7 035 $a000846052 035 $aFED01000846052 035 $a(Aleph)000846052FED01 035 $a000846052 100 $a20070131d2005----km-y0itay50------ba 101 0 $aita 102 $aIT 105 $a--------001yy 200 1 $a<>estetica del barocco$bJon R. Snyder 210 $aBologna$cIl Mulino$d©2005 215 $a186 p.$d21 cm 610 0 $aBarocco$aPrincipi estetici 676 $a709.032 700 1$aSnyder,$bJon R.$0298299 801 0$aIT$bUNINA$gRICA$2UNIMARC 901 $aBK 912 $a990008460520403321 952 $a709.032 SNY 1$bBibl.55099$fFLFBC 959 $aFLFBC 996 $aEstetica del barocco$9729399 997 $aUNINA LEADER 01402nam--2200433---450- 001 990001301620203316 005 20060320091448.0 010 $a88-87375-53-4 035 $a000130162 035 $aUSA01000130162 035 $a(ALEPH)000130162USA01 035 $a000130162 100 $a20031216d2003----km-y0enga50------ba 101 0 $aita 102 $aIT 105 $aa|||z|||001yy 200 1 $aRosae$eil fiore di venere nella vita e nella cultura romana$ebiferi rosaria Paesti$fMario Mello 210 $aNapoli$cArte Tipografica$d2003 215 $a172 p.$cill.$d21 cm. 606 0 $aRose$xCultura$yRoma antica 606 0 $aRose nell'arte romana 676 $a758.42 700 1$aMELLO,$bMario$0390772 801 0$aIT$bsalbc$gISBD 912 $a990001301620203316 951 $aIX.4. 375(X C 190)$b173190 L.M.$cX C$d00132468 951 $aIX.4. 375a(X C 190 BIS)$b173191 L.M.$cX C$d00132473 951 $aIX.4. 375b(X C 190 A)$b175260 L.M.$cX C$d00136815 959 $aBK 969 $aUMA 979 $aMARIA$b10$c20031216$lUSA01$h1101 979 $aPATRY$b90$c20040406$lUSA01$h1732 979 $aRENATO$b90$c20040610$lUSA01$h1028 979 $aRIVELLI$b90$c20050513$lUSA01$h1133 979 $aRIVELLI$b90$c20050513$lUSA01$h1134 979 $aCOPAT5$b90$c20060220$lUSA01$h0935 979 $aCOPAT6$b90$c20060320$lUSA01$h0914 996 $aRosae$9929480 997 $aUNISA LEADER 01437nam a22002891i 4500 001 991002161049707536 005 20030427144911.0 008 030925s1984 it |||||||||||||||||lat 035 $ab12250491-39ule_inst 035 $aARCHE-029811$9ExL 040 $aBiblioteca Interfacoltà$bita$cA.t.i. Arché s.c.r.l. Pandora Sicilia s.r.l. 082 04$a271.3094575 100 1 $aPerrone, Benigno Francesco$0157162 245 10$aChartularium della serafica riforma di S. Nicolò :$bdocumenti inediti sulla presenza dei Frati Minori in Puglia e a Matera dal 1429 al 1893 /$cBenigno F. Perrone 260 $aBari :$bGrafica Bigiemme,$c1984 300 $a260 p. ;$c25 cm 440 0$aBibliografie e fonti archivistiche / Società di storia patria per la Puglia ;$v4 650 4$aFrancescani$xPuglia$x1429-1893$xFonti archivistiche 907 $a.b12250491$b02-04-14$c08-10-03 912 $a991002161049707536 945 $aLE002 Sal. V A 29 bis$g1$i2002000083999$lle002$o-$pE0.00$q-$rn$so $t0$u0$v0$w0$x0$y.i12638389$z08-10-03 945 $aLE002 271.3 PER 945 $aLE002 Bibl. VI D 9$g2$i2002000044532$lle002$o-$pE0.00$q-$rl$s- $t0$u1$v0$w1$x0$y.i12638390$z08-10-03 945 $aLE002 Sal. V A 29$g2$i2002000987679$lle002$o-$pE0.00$q-$rl$so $t0$u0$v0$w0$x0$y.i15134842$z25-05-10 996 $aChartularium della serafica riforma di S. Nicolò$9154725 997 $aUNISALENTO 998 $ale002$b08-10-03$cm$da $e-$flat$git $h0$i2 LEADER 04213nam 22008772 450 001 9910788469603321 005 20151005020622.0 010 $a0-511-86175-3 010 $a1-107-22087-4 010 $a1-283-00611-1 010 $a9786613006110 010 $a0-511-86018-8 010 $a0-511-85931-7 010 $a0-511-86105-2 010 $a0-511-85844-2 010 $a0-511-85757-8 010 $a0-511-77729-9 035 $a(CKB)3190000000006446 035 $a(EBL)615785 035 $a(OCoLC)703137562 035 $a(SSID)ssj0000461204 035 $a(PQKBManifestationID)11311571 035 $a(PQKBTitleCode)TC0000461204 035 $a(PQKBWorkID)10484119 035 $a(PQKB)11619409 035 $a(UkCbUP)CR9780511777295 035 $a(MiAaPQ)EBC615785 035 $a(Au-PeEL)EBL615785 035 $a(CaPaEBR)ebr10449414 035 $a(CaONFJC)MIL300611 035 $a(EXLCZ)993190000000006446 100 $a20100518d2011|||| uy| 0 101 0 $aeng 135 $aur||||||||||| 181 $ctxt$2rdacontent 182 $cc$2rdamedia 183 $acr$2rdacarrier 200 10$aLiving death in medieval French and English literature /$fJane Gilbert$b[electronic resource] 210 1$aCambridge :$cCambridge University Press,$d2011. 215 $a1 online resource (viii, 283 pages) $cdigital, PDF file(s) 225 1 $aCambridge studies in medieval literature ;$v84 300 $aTitle from publisher's bibliographic system (viewed on 05 Oct 2015). 311 $a1-107-44925-1 311 $a1-107-00383-0 320 $aIncludes bibliographical references and index. 327 $aIntroduction: living death -- 1. Roland and the second death -- 2. The knight as thing: courtly love in the non-cyclic prose Lancelot -- 3. The Ubi Sunt topos in Middle French: sad stories of the death of kings -- 4. Ceci n'est pas une marguerite: anamorphosis in Pearl -- 5. Becoming woman in Chaucer: on ne nai?t pas femme, on le devient en mourant -- Conclusion: living dead or dead-in-life? 330 $aMedieval literature contains many figures caught at the interface between life and death - the dead return to place demands on the living, while the living foresee, organize or desire their own deaths. Jane Gilbert's original study examines the ways in which certain medieval literary texts, both English and French, use these 'living dead' to think about existential, ethical and political issues. In doing so, she shows powerful connections between works otherwise seen as quite disparate, including Chaucer's Book of the Duchess and Legend of Good Women, the Chanson de Roland and the poems of Francois Villon. Written for researchers and advanced students of medieval French and English literature, this book provides original, provocative interpretations of canonical medieval texts in the light of influential modern theories, especially Lacanian psychoanalysis, presented in an accessible and lively way. 410 0$aCambridge studies in medieval literature ;$v84. 517 3 $aLiving Death in Medieval French & English Literature 606 $aEnglish literature$yMiddle English, 1100-1500$xHistory and criticism 606 $aFrench literature$yTo 1500$xHistory and criticism 606 $aDeath in literature 606 $aDead in literature 606 $aDeath$xPolitical aspects 606 $aDeath$xMoral and ethical aspects 606 $aExistentialism in literature 606 $aEthics in literature 615 0$aEnglish literature$xHistory and criticism. 615 0$aFrench literature$xHistory and criticism. 615 0$aDeath in literature. 615 0$aDead in literature. 615 0$aDeath$xPolitical aspects. 615 0$aDeath$xMoral and ethical aspects. 615 0$aExistentialism in literature. 615 0$aEthics in literature. 676 $a820.9/3548 686 $aLIT004120$2bisacsh 686 $a18.05$2bcl 686 $a18.25$2bcl 700 $aGilbert$b Jane$f1964-$01176020 801 0$bUkCbUP 801 1$bUkCbUP 906 $aBOOK 912 $a9910788469603321 996 $aLiving death in medieval French and English literature$93749711 997 $aUNINA